000 00669cam a22001935a 4500
001 L155852
008 120418s1838 xxk f 000 0 eng d
035 _a(Sirsi) u155852
041 0 _aeng
100 1 _aSimms, Frederick Walter
_d1803-1865
245 0 2 _aA treatise on the principal mathematical instruments employed in surveying, levelling, and astronomy
_bexplaining their construction, adjustments, and use
250 _a4th ed.
260 _aLondon
_bJ. Barker, Printer
_c1838
300 _axi, 118p.
_bill.
_c23 cm.
583 _aCondition reviewed
_c20120620
_lcondition level 1
651 4 _aGreat Britain
_y1707-
690 _aMeasurement
_96256
942 _n0
999 _c113874
_d113874